Títulos del Rey de España - Estadísticas

Estadísticas generales
  • Esta prueba ha sido intentada 462 veces
    418 desde el último reinicio
  • La puntuación promedio es 22 de 68
Estadísticas de respuestas
Hint Respuesta % Correcto
Rey España
84%
Castilla
83%
Aragón
80%
Navarra
72%
León
71%
Dos Sicilias
70%
Granada
69%
Valencia
68%
Barcelona
67%
Galicia
66%
Archiduque Austria
63%
Sevilla
61%
Jerusalén
60%
Mallorca
52%
Toledo
51%
Islas Canarias
50%
Murcia
50%
Córdoba
48%
Jaén
46%
Milán
45%
Cerdeña
44%
Borgoña
39%
Conde Palatino Borgoña
39%
Flandes
39%
Vizcaya
37%
Duque Atenas
36%
Córcega
35%
Hungría
33%
Luxemburgo
32%
Menorca
31%
Neopatria
27%
Los Algarves
26%
Rosellón
25%
Gibraltar
24%
Brabante
22%
Tirol
22%
Indias Occidentales
21%
Indias Orientales
20%
Algeciras
19%
Molina
19%
Estiria
18%
Islas y Tierra Firme del Mar Océano
18%
Carintia
17%
Croacia
17%
Carniola
16%
Limburgo
16%
Sacro Imperio Romano
16%
Dalmacia
15%
Habsburgo
15%
Conde Artois
14%
Landgrave Alsacia
13%
Lotaringia
13%
Güeldres
12%
Hainaut
12%
Marca Eslovena
11%
Namur
11%
Trípoli
11%
Señor Malinas
10%
Príncipe Suabia
10%
Gorizia
9%
Oristán
9%
Wurtemberg
9%
Marqués Gocéano
8%
Margrave Burgau
7%
Ferrete
7%
Kyburgo
7%
Pordenone
6%
Salins
6%
No se encontraron pruebas coincidentes
Distribución de puntuación
Porcentaje de gente con cada puntuación
Porcentaje por número respondido
Historial de tus puntuaciones
No has intentado esta prueba desde el último reinicio